El Proceso revolucionario continúa (entrevista con Domingo Sánchez Salgado, Vicepresidente de la Asamblea Nacional, la Comdte. Doris Tijerino, Coordinadora General de AMNLAE y con la diputada de la UNO, Julia Malo) /
Los sandinistas fueron los más sorprendidos con los resultados de las elecciones, por lo que en esta entrevista Domingo Sánchez Salgado dice: "nunca pensamos que seríamos derrotados, tomando en cuenta la campaña intensa que hicimos". Se esperaba que de acuerdo con la organización de FSLN,...
Shranjeno v:
| Glavni avtor: | |
|---|---|
| Drugi avtorji: | , |
| Format: | Texto |
| Jezik: | Spanish |
| Teme: | |
| Oznake: |
Označite
Brez oznak, prvi označite!
|
MARC
| LEADER | 00000 a a2200000 04500 | ||
|---|---|---|---|
| 001 | 387 | ||
| 003 | cru IIS | ||
| 005 | 20210927124257.0 | ||
| 008 | 210927b |||||||| |||| 00| 0 spa d | ||
| 040 | |c cru IIS | ||
| 100 | 1 | |a Sánchez Salgado, Domingo | |
| 245 | 1 | 3 | |a El Proceso revolucionario continúa (entrevista con Domingo Sánchez Salgado, Vicepresidente de la Asamblea Nacional, la Comdte. Doris Tijerino, Coordinadora General de AMNLAE y con la diputada de la UNO, Julia Malo) / |c Domingo Sánchez Salgado |
| 500 | |a Colección Centroamérica | ||
| 520 | |a Los sandinistas fueron los más sorprendidos con los resultados de las elecciones, por lo que en esta entrevista Domingo Sánchez Salgado dice: "nunca pensamos que seríamos derrotados, tomando en cuenta la campaña intensa que hicimos". Se esperaba que de acuerdo con la organización de FSLN, con su candidato y con la disciplina del partido, éste resultara ganador, pero tenían al frente a una coalición de partidos políticos apoyados por Estados Unidos; Salgado opina que hubo una gran cantidad de dinero en esa campaña, sobre todo en manos de activistas dentro del pueblo quienes ofrecían ese dinero a los que dieran el voto a la coalición. Sin embargo también indica que desde abajo seguirán defendiendo los logros del proceso revolucionario y vigilando las acciones del gobierno de Violeta Chamorro. Enfatiza que la nueva situación puede favorecer a los sandinistas y que con el fin de la guerra deberá de existir un cambio en la estructura de las organizaciones, deberán de adoptarse nuevos métodos y nuevas formas de organización, con el fin de dar una lucha más fuerte a la oposición. OB/MR | ||
| 650 | |a ELECCIONES | ||
| 650 | |a ORGANIZACIONES CAMPESINAS | ||
| 650 | |a ORGANIZACIONES REVOLUCIONARIAS | ||
| 650 | |a RECESION ECONOMICA | ||
| 650 | |a SISTEMAS POLITICOS | ||
| 700 | |a Tijerino, Doris | ||
| 700 | |a Malo, Julia | ||
| 773 | |g número 126; páginas 3-5 | ||
| 773 | 0 | |0 42391 |9 3645 |a Agencia Latinoamericana de Información, ALAI |d Quito, Ecuador: ALAI |o 06930 |t ALAI: |x 08275564 (Servicio mensual de información y documentación) | |
| 942 | |2 ddc |c PP | ||
| 999 | |c 31490 |d 31490 | ||
